Metódy hodnotenia finančného zdravia podniku a ich výpovedná hodnota

Vychádzanie zo všeobecne zaužívaného predpokladu, že horizontálna a vertikálna analýza výkazov poskytuje rovnaký pohľad na finančnú situáciu podniku ako výpočet finančných pomerových ukazovateľov. Preukázanie možných nerovnováh či nesúladov medzi týmito dvomi základnými metódami finančnej analýzy. O...

Description complète

Enregistré dans:
Détails bibliographiques
Auteur principal: Moravčíková, Elena, 1967-
Format: Chapitre de livre
Langue:slovaque
Sujets:
Tags: Ajouter un tag
Pas de tags, Soyez le premier à ajouter un tag!

MARC

LEADER 00000naa$a2200000$$$4500
001 0260313
005 20240502074123.3
041 0 |a slo 
044 |a SK 
245 1 0 |a Metódy hodnotenia finančného zdravia podniku a ich výpovedná hodnota  |c Elena Moravčíková 
520 |a Vychádzanie zo všeobecne zaužívaného predpokladu, že horizontálna a vertikálna analýza výkazov poskytuje rovnaký pohľad na finančnú situáciu podniku ako výpočet finančných pomerových ukazovateľov. Preukázanie možných nerovnováh či nesúladov medzi týmito dvomi základnými metódami finančnej analýzy. Objektom analýzy je podnik Kofola a. s. Výsledky výpočtov finančných pomerových ukazovateľov, ako aj výsledky predikčných modelov. Možnosť odchýlok vznikajúcich na rôznych základoch. 
610 2 0 |a metódy 
610 2 0 |a zdravie podniku finančné 
610 2 0 |a závierka účtovná 
610 2 0 |a analýza finančná 
610 2 0 |a analýza ekonomická 
100 1 |a Moravčíková, Elena, 1967-